000 00818nam a22002292 4500
001 0000019675
005 20151217152159.0
008 110118s xx 000 0 eng d
020 _a0199562169 :
040 _aKABU
_cKABU
100 1 _aDempsey, Michelle Madden.
_@0000179523
245 1 0 _aProsecuting domestic violence :
_ba philosophical analysis /
_cMichelle Madden Dempsey.
250 _a1st ed.
260 _aNew York :
_bOxford university press,
_c2009.
300 _axiv, 241p.
650 0 _aFamily violence
_xlaw and legislation
_zunited States.
_@0000179524
650 0 _aProsecution
_xdecision making
_zUnited States.
_@0000179525
650 0 _aProsecution
_xSocial aspects
_zUnited States.
_@0000179526
852 1 _9p6340 KES
908 _a110118
950 _@1
999 _c9040
_d9040